Normal view
MARC view
- مؤتمن، منى م. مشارك: نائل هندي،حسين صالح،روان معايطة؛الاشراف:اسمى خضر
Entry Personal Name
001 - CONTROL NUMBER
- control field: 33616
003 - CONTROL NUMBER IDENTIFIER
- control field: JO-AjAnu
005 - DATE AND TIME OF LATEST TRANSACTION
- control field: 20230606075634.0
008 - FIXED-LENGTH DATA ELEMENTS
- fixed length control field: 230606|| aca||aabn | a|a d
040 ## - CATALOGING SOURCE
- Original cataloging agency: JO-AjAnu
- Transcribing agency: JO-AjAnu
100 ## - HEADING--PERSONAL NAME
- Personal name: مؤتمن، منى م. مشارك: نائل هندي،حسين صالح،روان معايطة؛الاشراف:اسمى خضر
670 ## - SOURCE DATA FOUND
- Source citation: Work cat.: (JO-AjAnu)17269: مؤتمن، منى م. مشارك: نائل هندي،حسين صالح،روان معايطة؛الاشراف:اسمى خضر, author, تدقيق واقع إدماج النوع الاجتماعي في القطاع العام في الأردن : دراسة كمية، نوعية